000 00393nam a2200157Ia 4500
003 GCL
008 140319s9999 xx 000 0 eng d
040 _aGCL /
_cGCL
082 0 4 _a414
_bL P
100 1 _aLAVER, JOHN
245 1 0 _aPRINCIPLES PHONETICS /
_cLAVER, JOHN
260 _a[S.N] :
_bCAMBRIBGE UNIVERSITY PRESS ،
_c1994
300 _a707 P
650 0 4 _aPHONETICS
942 _2ddc
_cBK
999 _c25684
_d25684